Postup pri prechode z účtovných sústav
Zmeny účtovnej sústavy účtovnej jednotky. Ak účtovná jednotka mení účtovnú sústavu musí dodržať postup uvedený v opatrení FMF č. V/31 390/92, ktorým sa ustanovuje postup prechodu z podvojného účtovníctva na jednoduché účtovníctvo podnikateľov a v opatrení FMF č. V/31 385/92, ktorým sa ustanovuje pos...
Guardado en:
| Autor principal: | |
|---|---|
| Formato: | Capítulo de libro |
| Lenguaje: | eslovaco |
| Materias: | |
| Etiquetas: |
Sin Etiquetas, Sea el primero en etiquetar este registro!
|
MARC
| LEADER | 00000naa a2200000 4500 | ||
|---|---|---|---|
| 001 | r033908 | ||
| 005 | 20230919084226.1 | ||
| 041 | 0 | |a slo | |
| 044 | |a SK | ||
| 245 | 1 | 0 | |a Postup pri prechode z účtovných sústav |c Zuzana Kontšeková |
| 520 | |a Zmeny účtovnej sústavy účtovnej jednotky. Ak účtovná jednotka mení účtovnú sústavu musí dodržať postup uvedený v opatrení FMF č. V/31 390/92, ktorým sa ustanovuje postup prechodu z podvojného účtovníctva na jednoduché účtovníctvo podnikateľov a v opatrení FMF č. V/31 385/92, ktorým sa ustanovuje postup prechodu z jednoduchého účtovníctva na podvojné účtovníctvo. Pri prechode účtovania zo sústavy podvojného účtovníctva do sústavy jednoduchého sa prevedú len stavy majetku (aktíva) a zdroje ich krytia (pasíva). Povinnosti podnikateľov pre uskutočnením prechodu účtovníctva. Ilustračné príklady. | ||
| 610 | 2 | 0 | |a účtovníctvo jednoduché |
| 610 | 2 | 0 | |a účtovníctvo podvojné |
| 610 | 2 | 0 | |a podnikatelia |
| 610 | 2 | 0 | |a opatrenia |
| 610 | 2 | 0 | |a účtovanie |
| 610 | 2 | 0 | |a majetok |
| 610 | 2 | 0 | |a aktíva |
| 610 | 2 | 0 | |a pasíva |
| 610 | 2 | 0 | |a účty |
| 100 | 1 | |a Kontšeková, Zuzana | |